000 00898nam a2200241Ia 4500
003 GCL
008 140319s9999 xx 000 0 ara d
020 _a6073019948
040 _aGCL /
_cGCL
082 0 4 _a953.076
_bأ ك
100 1 _aابراهيم بن عطاالله البلوشى
245 1 0 _aكرمان فى العهد البويهى /
_cابراهيم بن عطاالله البلوشى
250 _aالاولى
260 _aالامارات :
_bالمجمع الثقافى ،
_c2004
300 _a298 ص ؛
_c24 ص
650 0 4 _aايران - تاريخ
650 0 4 _aايران - الاحوال الاقتصادية
650 0 4 _aايران - تاريخ - العصر الاسلامى
650 0 4 _aايران - تاريخ - العصر البويهى
650 0 4 _aكرمان - تاريخ
650 0 4 _aكرمان - الاحوال الاقتصادية
942 _2ddc
_cBK
999 _c57499
_d57499